| 000 | 00432nam a22001697a 4500 | ||
|---|---|---|---|
| 003 | LK-CoMWRAF | ||
| 005 | 20231120151049.0 | ||
| 008 | 231120b |||||||| |||| 00| 0 eng d | ||
| 040 |
_aLK-CoMWRAF _dLK-CoMWRAF _eLK-CoMWRAF |
||
| 041 | _aeng | ||
| 082 |
_a425 _bCHA |
||
| 100 | _aChapman, L. R. H. | ||
| 245 |
_aEnglish Grammar and Exercises : _bBook 3 |
||
| 260 |
_aLondon : _bLongman, |
||
| 650 | _aEnglish Grammar | ||
| 942 | _cBK | ||
| 999 |
_c4172 _d4172 |
||